Normal view MARC view

Entry Personal Name

Number of records used in: 1

001 - CONTROL NUMBER

  • control field: 1235114

003 - CONTROL NUMBER IDENTIFIER

  • control field: OSt

005 - DATE AND TIME OF LATEST TRANSACTION

  • control field: 20260417173228.0

008 - FIXED-LENGTH DATA ELEMENTS

  • fixed length control field: 260417|| aca||aabn | a|a d

040 ## - CATALOGING SOURCE

  • Original cataloging agency: OSt
  • Transcribing agency: OSt

100 ## - HEADING--PERSONAL NAME

  • Personal name: राय, सुनील कुमार, ले

670 ## - SOURCE DATA FOUND

  • Source citation: Work cat.: (OSt)888098: राय, सुनील कुमार, ले., वैश्वीकरण और समकालीन हिन्दी उपन्यास में चित्रित श्रम का स्वरूप, 2018
Copyright @ Delhi University Library System